Los principios filosóficos de la historia del derecho
Gespeichert in:
| 1. Verfasser: | |
|---|---|
| Format: | Buch |
| Sprache: | Spanisch |
| Veröffentlicht: |
Madrid
Imprenta de Inocente Calleja
1909
|
| Schlagworte: | |
| Tags: |
Tag hinzufügen
Keine Tags, Fügen Sie den ersten Tag hinzu!
|
MARC
| LEADER | 00000nam a2200000 a 4500 | ||
|---|---|---|---|
| 001 | UCY4296 | ||
| 003 | CL-VaPUC | ||
| 008 | 950308e19090000SP |||||||||||||||||spa|d | ||
| 082 | 0 | 4 | |a 340.09 |b TOU |2 21 |
| 100 | 0 | |a Tourtoulon, Pedro de |e author |9 332708 | |
| 245 | 1 | 4 | |a Los principios filosóficos de la historia del derecho |
| 300 | |a 367 p | ||
| 942 | |c BK | ||
| 945 | |d 19950308 00:00:00 |a aalvarez | ||
| 260 | |a Madrid |b Imprenta de Inocente Calleja |c 1909 | ||
| 650 | 7 | |a DERECHO HISTORIA |2 CL-VaPUC |9 255119 | |
| 650 | 0 | |a Filosofía del derecho |9 255050 | |
| 583 | |a last modification |c 19950308 00:00:00 |k Rodrigo Vera | ||
| 999 | |c 232196 |d 232194 | ||
| 952 | |0 0 |1 0 |4 0 |6 340_090000000000000_TOU_1909 |7 0 |8 DER_HIS |9 236288 |a BIBDER |b BIBDER |d 2019-11-15 |i 3061752 |o 340.09 TOU 1909 |p 3061752 |r 2023-01-25 |w 2019-11-15 |x Ubicación 4to Piso |y BK |z Estos recursos deben solicitarse con anticipación |k DER | ||
| 952 | |0 0 |1 0 |4 0 |6 340_090000000000000_TOU_1909 |7 0 |8 A |9 236289 |a BIBDER |b BIBDER |d 2019-11-15 |i 4133706 |o 340.09 TOU 1909 |p 4133706 |r 2023-01-25 |w 2019-11-15 |y BK |k DER | ||